002420000a220008500045001000019000002450052000193000036000716500021001077730028001281 aBrand, María10aThe Holy Spirit...What´s He got to do with me? a(Octubre 2005), Páginas 11-1214aESPÍRITU SANTO0 tThe Presbyterian Banner